00700nam a2200229Ia 450000500170000000800410001704000190005804100120007708200190008910000190010824500480012726000420017530000110021750400190022863000310024765000290027865100230030785000100033094200070034099900170034795201060036420230503113725.0131103s9999 xx 000 0 und d aLoreto College aEnglish a823.8bELI-MAC aMckenzie, K.A. aEdith simcox and George EliotcK.A.Mckenzie aLondonbOxford university pressc1961 a146p.  aInclutes index aEnglish fiction-ciriticism aEliot, George-ciriticism aEnglish literature aLCLIB cBK c22558d73037 00102ddc4070aMAINbMAINd2013-11-04l0o823.8 ELI-MAC 28795pB24972r2013-11-04w2013-11-04yBKf